| 000 | 00648nam a22002297a 4500 | ||
|---|---|---|---|
| 003 | BPGM | ||
| 005 | 20260701205855.0 | ||
| 008 | 260701b1991 mx |o||| |||| 00| 0 spa d | ||
| 020 | _a968-6140-88-3 | ||
| 040 |
_aBPGM _bspa |
||
| 100 | _aPALACIOS ALCOCER, MARIO | ||
| 245 |
_aQUERÉTARO _bLA OBRA DE TODOS |
||
| 260 |
_aQUERETARO; _bSECRETARIA DE CULTURA Y BIENESTAR SOCIAL, _c1991. |
||
| 300 | _a183 páginas | ||
| 336 |
_2rdacontent _atexto _btxt |
||
| 337 |
_2rdamedia _asin mediación _bn |
||
| 338 |
_2rdacarrier _avolumen _bnc |
||
| 650 | _aCIENCIAS SOCIALES | ||
| 650 | _aCIENCIA POLITICA | ||
| 650 | _aECONOMIA | ||
| 942 |
_2ddc _cCOLQ |
||
| 999 |
_c68738 _d68738 |
||